[Event "HUN-chT2 Asztalos 1819"]
[Site "Hungary"]
[Date "2019.04.28"]
[Round "9.4"]
[White "Nagybiro, Laszlo"]
[Black "Parrag, Sandor"]
[Result "1-0"]
[WhiteElo "2160"]
[BlackElo "1920"]
[PlyCount "99"]
[EventDate "2018.10.28"]
[EventType "team-tourn"]
[EventRounds "9"]
[EventCountry "HUN"]
[SourceTitle "EXT 2021"]
[Source "ChessBase"]
[SourceDate "2020.10.23"]
[SourceVersion "1"]
[SourceVersionDate "2020.10.23"]
[SourceQuality "1"]
[WhiteTeam "Decs 1990"]
[BlackTeam "Sarosd"]
[WhiteTeamCountry "HUN"]
[BlackTeamCountry "HUN"]

1. d4 Nf6 2. c4 e6 3. Nc3 d5 4. Bg5 Be7 5. cxd5 exd5 6. e3 c6 7. Bd3 0-0 8. Qc2 h6 9. Bf4 Nbd7 10. h3 Re8 11. Nf3 b6 12. 0-0-0 a5 13. Kb1 b5 14. Rc1 Bb7 15. g4 a4 16. Ne2 b4 17. Qd2 Ne4 18. Bxe4 dxe4 19. Ne5 Nxe5 20. Bxe5 f6 21. Bg3 c5 22. Rhd1 cxd4 23. Nxd4 Bd6 24. Nc6 Bxc6 25. Bxd6 Qb6 26. Bxb4 Bb5 27. Qd5+ Kh8 28. a3 Rad8 29. Qf7 Rxd1 30. Rxd1 Qe6 31. Qxe6 Rxe6 32. Rd4 Rc6 33. Bc3 Bd3+ 34. Kc1 Rc4 35. Rd7 Rc8 36. Kd2 Bb5 37. Re7 Re8 38. Rc7 Re6 39. h4 Rd6+ 40. Bd4 Rd7 41. Rc5 Rb7 42. g5 hxg5 43. hxg5 fxg5 44. Rxg5 Bd3 45. f4 Rc7 46. Bc3 Rd7 47. Ke1 Kh7 48. Kf2 g6 49. Ra5 Bc2 50. Ra8 1-0

[Event "HUN-chT2 Asztalos 1819"]
[Site "Hungary"]
[Date "2019.03.31"]
[Round "8.7"]
[White "Illes, Attila"]
[Black "Parrag, Sandor"]
[Result "1-0"]
[WhiteElo "1942"]
[BlackElo "1920"]
[PlyCount "55"]
[EventDate "2018.10.28"]
[EventType "team-tourn"]
[EventRounds "9"]
[EventCountry "HUN"]
[SourceTitle "EXT 2021"]
[Source "ChessBase"]
[SourceDate "2020.10.23"]
[SourceVersion "1"]
[SourceVersionDate "2020.10.23"]
[SourceQuality "1"]
[WhiteTeam "Kaposvar Bastya"]
[BlackTeam "Sarosd"]
[WhiteTeamCountry "HUN"]
[BlackTeamCountry "HUN"]

1. Nf3 d5 2. d4 Nf6 3. Bg5 Nbd7 4. e3 g6 5. Bd3 Bg7 6. 0-0 0-0 7. c4 c6 8. Nc3 h6 9. Bh4 b6 10. Ne5 Bb7 11. cxd5 cxd5 12. f4 Rc8 13. Qe2 Ne4 14. Nb5 Nxe5 15. fxe5 g5 16. Be1 a6 17. Nc3 b5 18. Qg4 Nxc3 19. Bxc3 e6 20. Bb4 Re8 21. Qh5 Qd7 22. Rf2 Rf8 23. Raf1 a5 24. Bxa5 Qe7 25. a3 f5 26. exf6 Rxf6 27. Rxf6 Bxf6 28. Qg6+ 1-0

[Event "HUN-chT2 Asztalos 1819"]
[Site "Hungary"]
[Date "2019.03.10"]
[Round "7.5"]
[White "Parrag, Sandor"]
[Black "Garai, Tamas"]
[Result "1/2-1/2"]
[WhiteElo "1920"]
[BlackElo "1904"]
[PlyCount "29"]
[EventDate "2018.10.28"]
[EventType "team-tourn"]
[EventRounds "9"]
[EventCountry "HUN"]
[SourceTitle "CBM 189 Extra"]
[Source "ChessBase"]
[SourceDate "2019.06.03"]
[SourceVersion "1"]
[SourceVersionDate "2019.06.03"]
[SourceQuality "1"]
[WhiteTeam "Sarosd"]
[BlackTeam "Marcali"]
[WhiteTeamCountry "HUN"]
[BlackTeamCountry "HUN"]

1. Nf3 d5 2. d4 Nf6 3. Bf4 h6 4. e3 Bf5 5. c4 e6 6. Nc3 c6 7. a3 Nbd7 8. h3 Be7 9. Be2 0-0 10. 0-0 Ne4 11. Nxe4 Bxe4 12. Ne5 Nxe5 13. Bxe5 f6 14. Bh2 a5 15. Rc1 1/2-1/2

[Event "HUN-chT2 Asztalos 1819"]
[Site "Hungary"]
[Date "2019.02.10"]
[Round "5.3"]
[White "Parrag, Sandor"]
[Black "Horvath, Attila"]
[Result "1/2-1/2"]
[WhiteElo "1920"]
[BlackElo "2168"]
[PlyCount "100"]
[EventDate "2018.10.28"]
[EventType "team-tourn"]
[EventRounds "9"]
[EventCountry "HUN"]
[SourceTitle "CBM 189 Extra"]
[Source "ChessBase"]
[SourceDate "2019.06.03"]
[SourceVersion "1"]
[SourceVersionDate "2019.06.03"]
[SourceQuality "1"]
[WhiteTeam "Sarosd"]
[BlackTeam "Nagyatad"]
[WhiteTeamCountry "HUN"]
[BlackTeamCountry "HUN"]

1. Nf3 c5 2. e3 Nf6 3. d4 e6 4. Bd3 Nc6 5. c3 d5 6. Nbd2 Qc7 7. 0-0 cxd4 8. exd4 Bd6 9. Re1 g5 10. Qe2 h5 11. Nf1 g4 12. Ne5 Rg8 13. Nxc6 bxc6 14. c4 Qb8 15. cxd5 cxd5 16. Bb5+ Ke7 17. Ng3 Kd8 18. Bd2 a5 19. a4 h4 20. Nf1 Ne4 21. g3 hxg3 22. fxg3 Qb6 23. Bc3 Nxc3 24. bxc3 Ra7 25. Rab1 Qc7 26. Qd3 f5 27. c4 Bb4 28. Rec1 Qf7 29. cxd5 exd5 30. Qc2 Bd7 31. Bxd7 Qxd7 32. Qc6 Qxc6 33. Rxc6 Re7 34. Rbc1 Ke8 35. Kf2 Re4 36. Rc8+ Kf7 37. R1c7+ Be7 38. Rxg8 Kxg8 39. Ne3 Bf6 40. Nxf5 Bxd4+ 41. Nxd4 Rxd4 42. Rc5 Rxa4 43. Rxd5 Kf7 44. Ke3 Kf6 45. Rb5 Ra3+ 46. Kf4 Ra4+ 47. Ke3 Kg6 48. Rc5 Ra2 49. Kf4 Ra4+ 50. Ke3 Ra2 1/2-1/2

[Event "HUN-chT2 Asztalos 1819"]
[Site "Hungary"]
[Date "2019.01.27"]
[Round "4.7"]
[White "Majnay, Peter"]
[Black "Parrag, Sandor"]
[Result "1/2-1/2"]
[WhiteElo "1839"]
[BlackElo "1920"]
[PlyCount "25"]
[EventDate "2018.10.28"]
[EventType "team-tourn"]
[EventRounds "9"]
[EventCountry "HUN"]
[SourceTitle "CBM 189 Extra"]
[Source "ChessBase"]
[SourceDate "2019.06.03"]
[SourceVersion "1"]
[SourceVersionDate "2019.06.03"]
[SourceQuality "1"]
[WhiteTeam "Komlo"]
[BlackTeam "Sarosd"]
[WhiteTeamCountry "HUN"]
[BlackTeamCountry "HUN"]

1. e4 c6 2. d4 d5 3. exd5 cxd5 4. Bd3 Nf6 5. c3 Nc6 6. Bf4 a6 7. Nf3 Bg4 8. Nbd2 e6 9. h3 Bh5 10. 0-0 Bd6 11. Bxd6 Qxd6 12. Qb3 0-0 13. Rfe1 1/2-1/2

[Event "HUN-chT2 Asztalos 1718"]
[Site "Hungary"]
[Date "2018.01.28"]
[Round "5.10"]
[White "Pater, Peter"]
[Black "Parrag, Sandor"]
[Result "0-1"]
[WhiteElo "1626"]
[BlackElo "1899"]
[PlyCount "96"]
[EventDate "2017.10.29"]
[EventType "team-tourn"]
[EventRounds "9"]
[EventCountry "HUN"]
[SourceTitle "EXT 2021"]
[Source "ChessBase"]
[SourceDate "2020.10.23"]
[SourceVersion "1"]
[SourceVersionDate "2020.10.23"]
[SourceQuality "1"]
[WhiteTeam "Komlo Banyasz II"]
[BlackTeam "Sarosd"]
[WhiteTeamCountry "HUN"]
[BlackTeamCountry "HUN"]

1. d4 Nf6 2. c4 g6 3. f3 Bg7 4. e4 d6 5. Nc3 Nbd7 6. Bg5 c6 7. Qd2 a6 8. Nh3 b5 9. Nf2 Bb7 10. b4 Qc7 11. Rc1 Qb8 12. c5 dxc5 13. dxc5 0-0 14. Bd3 Ne5 15. 0-0 Rd8 16. Rfd1 Qc7 17. Qe3 Nxd3 18. Nxd3 Nh5 19. Ne2 a5 20. Ndf4 Rxd1+ 21. Rxd1 Nxf4 22. Bxf4 e5 23. Bg5 axb4 24. Qb3 h6 25. Bh4 Kh7 26. Qxb4 g5 27. Be1 Rxa2 28. Ng3 Bc8 29. Qb3 Be6 30. Qb4 Ra4 31. Qb1 Bf8 32. Bf2 Qa7 33. Qb2 Bxc5 34. Bxc5 Qxc5+ 35. Kh1 Rd4 36. Ra1 Qd6 37. Qb1 b4 38. Nf5 Bxf5 39. exf5 Kg7 40. g4 Qd5 41. f6+ Kxf6 42. Qf5+ Kg7 43. Re1 Rd1 44. Rxd1 Qxd1+ 45. Kg2 Qd4 46. Qc2 Qc3 47. Qf5 b3 48. h4 Qc2+ 0-1

[Event "HUN-chT2 Asztalos 1617"]
[Site "Hungary"]
[Date "2016.11.14"]
[Round "6.8"]
[White "Angyal, Ferenc"]
[Black "Parrag, Sandor"]
[Result "1/2-1/2"]
[WhiteElo "1892"]
[BlackElo "1901"]
[PlyCount "35"]
[EventDate "2016.09.25"]
[EventType "team-tourn"]
[EventRounds "11"]
[EventCountry "HUN"]
[SourceTitle "EXT 2021"]
[Source "ChessBase"]
[SourceDate "2020.10.23"]
[SourceVersion "1"]
[SourceVersionDate "2020.10.23"]
[SourceQuality "1"]
[WhiteTeam "Kiraly Sakk"]
[BlackTeam "Sarosd"]
[WhiteTeamCountry "HUN"]
[BlackTeamCountry "HUN"]

1. Nf3 Nf6 2. g3 g6 3. Bg2 Bg7 4. 0-0 d5 5. c4 e6 6. d3 0-0 7. Qc2 c6 8. b3 Nbd7 9. Bb2 Re8 10. Ne5 Nxe5 11. Bxe5 Nh5 12. Bxg7 Nxg7 13. e4 dxe4 14. dxe4 e5 15. Nd2 Qc7 16. Rad1 Ne6 17. Nf3 c5 18. Qd2 1/2-1/2

[Event "HUN-chT2 Asztalos 1617"]
[Site "Hungary"]
[Date "2016.10.30"]
[Round "3.6"]
[White "Balazs, Adorjan"]
[Black "Parrag, Sandor"]
[Result "1/2-1/2"]
[WhiteElo "2069"]
[BlackElo "1901"]
[PlyCount "29"]
[EventDate "2016.09.25"]
[EventType "team-tourn"]
[EventRounds "11"]
[EventCountry "HUN"]
[SourceTitle "EXT 2021"]
[Source "ChessBase"]
[SourceDate "2020.10.23"]
[SourceVersion "1"]
[SourceVersionDate "2020.10.23"]
[SourceQuality "1"]
[WhiteTeam "Szentlorinc"]
[BlackTeam "Sarosd"]
[WhiteTeamCountry "HUN"]
[BlackTeamCountry "HUN"]

1. e4 c5 2. Nf3 a6 3. a4 b6 4. Nc3 e6 5. d4 cxd4 6. Nxd4 Bb7 7. Bd3 Qc7 8. 0-0 Be7 9. Qe2 Nc6 10. Nxc6 Qxc6 11. Be3 Nf6 12. f3 d6 13. Qf2 Nd7 14. Bd4 Bf6 15. Bxf6 1/2-1/2

[Event "HUN-chT2 Asztalos 1516"]
[Site "Hungary"]
[Date "2015.12.06"]
[Round "6.4"]
[White "Bator, Balazs"]
[Black "Parrag, Sandor"]
[Result "1-0"]
[WhiteElo "1972"]
[BlackElo "1934"]
[PlyCount "97"]
[EventDate "2015.09.13"]
[EventType "team-tourn"]
[EventRounds "11"]
[EventCountry "HUN"]
[SourceTitle "CBM 170 Extra"]
[Source "ChessBase"]
[SourceDate "2016.02.25"]
[SourceVersion "1"]
[SourceVersionDate "2016.02.25"]
[SourceQuality "1"]
[WhiteTeam "Komlo Banyasz"]
[BlackTeam "Sarosd"]
[WhiteTeamCountry "HUN"]
[BlackTeamCountry "HUN"]

1. e4 c5 2. Nf3 e6 3. d4 cxd4 4. Nxd4 a6 5. Nc3 Nc6 6. Nxc6 bxc6 7. Bd3 d5 8. 0-0 Bc5 9. e5 Qc7 10. Qh5 g6 11. Qg5 Bd4 12. Re1 Qa7 13. Nd1 h6 14. Qh4 a5 15. c3 Bb6 16. Be3 Bxe3 17. Nxe3 Qe7 18. Qa4 Bd7 19. b4 Qd8 20. b5 Ne7 21. Ng4 c5 22. Nf6+ Kf8 23. c4 Kg7 24. Qc2 Rc8 25. a4 h5 26. Qd2 Be8 27. Qf4 Ng8 28. Nxg8 Rxg8 29. Rad1 d4 30. h3 Qe7 31. g4 hxg4 32. hxg4 Qh4 33. Kg2 f5 34. Be2 Qd8 35. Rh1 Rc7 36. Rh3 g5 37. Qh2 Bg6 38. Rh1 Kf8 39. gxf5 exf5 40. Bh5 Rcg7 41. Bxg6 Rxg6 42. Rh8 Qe7 43. Rxg8+ Rxg8 44. Qh6+ Ke8 45. Qc6+ Kf8 46. Qc8+ Kg7 47. Qxf5 Qb7+ 48. f3 Qe7 49. Rh7# 1-0

[Event "HUN-chT2 Asztalos 1516"]
[Site "Hungary"]
[Date "2015.10.18"]
[Round "3.5"]
[White "Csernyiczky, Laszlo"]
[Black "Parrag, Sandor"]
[Result "1-0"]
[WhiteElo "1961"]
[BlackElo "1934"]
[PlyCount "83"]
[EventDate "2015.09.13"]
[EventType "team-tourn"]
[EventRounds "11"]
[EventCountry "HUN"]
[SourceTitle "CBM 170 Extra"]
[Source "ChessBase"]
[SourceDate "2016.02.25"]
[SourceVersion "1"]
[SourceVersionDate "2016.02.25"]
[SourceQuality "1"]
[WhiteTeam "Kiraly Sakk"]
[BlackTeam "Sarosd"]
[WhiteTeamCountry "HUN"]
[BlackTeamCountry "HUN"]

1. e4 c6 2. d4 d5 3. Nc3 dxe4 4. Nxe4 Nf6 5. Nxf6+ exf6 6. c3 Bd6 7. Bd3 Be6 8. Ne2 Qc7 9. Be3 a5 10. Qd2 b5 11. Nf4 0-0 12. Nxe6 fxe6 13. f4 Nd7 14. 0-0 Nb6 15. Qf2 Nd5 16. Bd2 f5 17. Kh1 Nf6 18. Rae1 Qd7 19. h3 Rfe8 20. Qh4 Bc7 21. Rf3 Kh8 22. Bb1 c5 23. Rd3 c4 24. Rg3 Bd8 25. Rg5 Nd5 26. Qh5 Bxg5 27. fxg5 g6 28. Qf3 Rac8 29. h4 Qd6 30. Re5 b4 31. Bc2 bxc3 32. bxc3 Rb8 33. Bc1 Rec8 34. h5 Kg7 35. Qh3 Rh8 36. Qf3 Nc7 37. Rxa5 Nd5 38. Ra7+ Kf8 39. Ba3 Nb4 40. Bxb4 Rxb4 41. cxb4 gxh5 42. Qa8+ 1-0

[Event "HUN-chT2 Asztalos 1516"]
[Site "Hungary"]
[Date "2015.10.04"]
[Round "2.4"]
[White "Balazs, Adorjan"]
[Black "Parrag, Sandor"]
[Result "0-1"]
[WhiteElo "2075"]
[BlackElo "1934"]
[PlyCount "38"]
[EventDate "2015.09.13"]
[EventType "team-tourn"]
[EventRounds "11"]
[EventCountry "HUN"]
[SourceTitle "CBM 170 Extra"]
[Source "ChessBase"]
[SourceDate "2016.02.25"]
[SourceVersion "1"]
[SourceVersionDate "2016.02.25"]
[SourceQuality "1"]
[WhiteTeam "Szentlorinc"]
[BlackTeam "Sarosd"]
[WhiteTeamCountry "HUN"]
[BlackTeamCountry "HUN"]

1. e4 c6 2. d4 d5 3. Nc3 dxe4 4. Nxe4 Nf6 5. Nxf6+ exf6 6. Be3 Be6 7. Bd3 Bd6 8. Ne2 Qc7 9. Qd2 Nd7 10. c4 c5 11. d5 Bg4 12. h3 Bxe2 13. Bxe2 0-0 14. 0-0-0 a6 15. Bd3 Ne5 16. Bb1 b5 17. Qc2 g6 18. cxb5 axb5 19. Qe2 c4 0-1

[Event "HUN-chT2 Asztalos 1516"]
[Site "Hungary"]
[Date "2015.09.13"]
[Round "1.3"]
[White "Parrag, Sandor"]
[Black "Szijarto, Attila"]
[Result "1/2-1/2"]
[WhiteElo "1934"]
[BlackElo "2027"]
[PlyCount "79"]
[EventDate "2015.09.13"]
[EventType "team-tourn"]
[EventRounds "11"]
[EventCountry "HUN"]
[SourceTitle "CBM 170 Extra"]
[Source "ChessBase"]
[SourceDate "2016.02.25"]
[SourceVersion "1"]
[SourceVersionDate "2016.02.25"]
[SourceQuality "1"]
[WhiteTeam "Sarosd"]
[BlackTeam "Nagyatad"]
[WhiteTeamCountry "HUN"]
[BlackTeamCountry "HUN"]

1. d4 Nf6 2. Nf3 e6 3. Bg5 Be7 4. e3 h6 5. Bxf6 Bxf6 6. Bd3 b6 7. Nbd2 Bb7 8. c3 c5 9. 0-0 0-0 10. Qe2 Nc6 11. Rac1 d5 12. Rfe1 Re8 13. a3 Rc8 14. b4 e5 15. dxe5 Nxe5 16. Nxe5 Bxe5 17. Nf3 Bf6 18. Bb1 Qc7 19. Red1 cxb4 20. axb4 Bxc3 21. Bf5 Qc4 22. Qc2 Rc7 23. Qb1 Bc8 24. Bd3 Qc6 25. Nd4 Qf6 26. Nb5 Rc6 27. Nxa7 Rc7 28. Nb5 Rc6 29. Qb3 d4 30. exd4 Bxd4 31. Nxd4 Rxc1 32. Rxc1 Qxd4 33. h3 Be6 34. Qb1 Qe5 35. Re1 Qd6 36. Bf5 Kf8 37. Bxe6 Rxe6 38. Rd1 Qc7 39. Rc1 Qd7 40. Rd1 1/2-1/2